000 00311nam a22001337a 4500
008 170527b xxu||||| |||| 00| 0 eng d
020 _a0070459088
041 _aeng
080 _22ND
_a621.38
100 _a27
101 _aIM
245 _aINTRODUCTION TO ELECTROMAGNETIC FIELDS
_cPAUL, C.R
942 _2udc
_cBK
999 _c14627
_d14627